Municipis de la comarca del Ripollès (Catalunya) - Statistics

General Stats
  • This quiz has been taken 388 times
  • The average score is 15 of 19
Answer Stats
Hint Answer % Correct
R Ripoll
99%
C Camprodon
97%
RF Ribes de Freser
93%
Q Queralbs
92%
SJA Sant Joan de les Abadesses
92%
C Campdevànol
89%
S Setcases
85%
SPS Sant Pau de Segúries
81%
M Molló
78%
T Toses
76%
P Planoles
74%
VR Vallfogona de Ripollès
72%
G Gombrèn
68%
L Les Llosses
68%
VT Vilallonga de Ter
68%
O Ogassa
62%
P Pardines
62%
C Campelles
61%
L Llanars
56%
No matching quizzes found
Score Distribution
Percent of People with Each Score
Percentile by Number Answered
Your Score History
You have not taken this quiz